Tourism Reassessed Bright or Blessing?/ (Record no. 9192)

MARC details
000 -LEADER
fixed length control field 00553nam a22001937a 4500
003 - CONTROL NUMBER IDENTIFIER
control field OSt
005 - DATE AND TIME OF LATEST TRANSACTION
control field 20240716120633.0
008 - FIXED-LENGTH DATA ELEMENTS--GENERAL INFORMATION
fixed length control field 240716b |||||||| |||| 00| 0 eng d
020 ## - INTERNATIONAL STANDARD BOOK NUMBER
International Standard Book Number 075063989x
040 ## - CATALOGING SOURCE
Original cataloging agency DDC
Transcribing agency MUST
082 ## - DEWEY DECIMAL CLASSIFICATION NUMBER
Classification number 338.4 BRO 1998
100 ## - MAIN ENTRY--PERSONAL NAME
Personal name Brown Frances
9 (RLIN) 18755
245 ## - TITLE STATEMENT
Title Tourism Reassessed Bright or Blessing?/
Statement of responsibility, etc. Brown Frances
260 ## - PUBLICATION, DISTRIBUTION, ETC. (IMPRINT)
Place of publication, distribution, etc. Boston:
Name of publisher, distributor, etc. Butterworth-Heinemann;
Date of publication, distribution, etc. 1998.
300 ## - PHYSICAL DESCRIPTION
Extent viii,141p.:
Other physical details ill,;
Dimensions 24cm.
504 ## - BIBLIOGRAPHY, ETC. NOTE
Bibliography, etc Includes Bibliographical indexes.
650 ## - SUBJECT ADDED ENTRY--TOPICAL TERM
Topical term or geographic name as entry element Tourism
9 (RLIN) 7816
942 ## - ADDED ENTRY ELEMENTS (KOHA)
Source of classification or shelving scheme Dewey Decimal Classification
Koha item type Open Shelf
Holdings
Withdrawn status Lost status Source of classification or shelving scheme Damaged status Not for loan Home library Current library Source of acquisition Inventory number Total Checkouts Full call number Barcode Date last seen Koha item type
    Dewey Decimal Classification     MUST Main Library MUST Main Library Donation 2000/13588   338.4 BRO 1998 2024-21975 16/07/2024 Open Shelf